MARC

Tag First Indicator Second Indicator Subfields
LEADER 00000cam a2200000 i 4500
001 in00005743390
005 20260326175521.0
006 m o d
007 cr bn||||||ada
008 100628s1979 nyua o 100 0 eng d
010 |z  79000399  
040 |a OCLCE  |b eng  |e pn  |c OCLCE  |d OPELS  |d E7B  |d OCLCQ  |d N$T  |d IDEBK  |d OCLCF  |d UIU  |d OCLCO  |d YDXCP  |d OCL  |d OCLCO  |d OCLCQ  |d OCLCO  |d OCLCQ  |d OCLCA  |d LEAUB  |d OCLCO  |d OCLCA  |d OCLCQ  |d OCLCO  |d COM  |d OCLCO  |d OCLCQ  |d OCLCO  |d OCLCL  |d OCLCO  |d COA  |d OCLCO  |d OCLCL 
019 |a 649959783  |a 842933014  |a 974618500  |a 974664771  |a 987701871  |a 988561292  |a 1340086040 
020 |a 9780323157018  |q (electronic bk.) 
020 |a 0323157017  |q (electronic bk.) 
020 |z 9780123709509 
020 |z 0123709504 
024 8 |a (WaSeSS)ssj0000787749 
035 |a (OCoLC)644697572  |z (OCoLC)649959783  |z (OCoLC)842933014  |z (OCoLC)974618500  |z (OCoLC)974664771  |z (OCoLC)987701871  |z (OCoLC)988561292  |z (OCoLC)1340086040 
042 |a dlr 
050 4 |a TX553.F53 
060 4 |a CC8872 
070 |a TX553.F53  |b D5 
072 7 |a HEA  |x 006000  |2 bisacsh 
072 7 |a HEA  |x 034000  |2 bisacsh 
072 7 |a HEA  |x 017000  |2 bisacsh 
072 7 |a MED  |x 058150  |2 bisacsh 
072 7 |a MED  |x 060000  |2 bisacsh 
082 0 4 |a 613.2/8  |2 18 
049 |a TXAM 
245 0 0 |a Dietary fibers :  |b chemistry and nutrition /  |c edited by George E. Inglett, S. Ingemar Falkehag. 
260 |a New York :  |b Academic Press,  |c 1979. 
300 |a 1 online resource (xiii, 285 pages) :  |b illustrations 
336 |a text  |b txt  |2 rdacontent 
337 |a computer  |b c  |2 rdamedia 
338 |a online resource  |b cr  |2 rdacarrier 
347 |a text file  |2 rdaft  |0 http://rdaregistry.info/termList/fileType/1002. 
490 1 |a Academic press rapid manuscript reproduction. 
538 |a Master and use copy. Digital master created according to Benchmark for Faithful Digital Reproductions of Monographs and Serials, Version 1. Digital Library Federation, December 2002.  |u http://purl.oclc.org/DLF/benchrepro0212  |5 MiAaHDL 
583 1 |a digitized  |c 2010  |h HathiTrust Digital Library  |l committed to preserve  |2 pda  |5 MiAaHDL 
588 0 |a Print version record. 
650 0 |a Food  |x Fiber content  |v Congresses. 
650 0 |a High-fiber diet  |v Congresses. 
650 0 |a Food  |x Analysis  |v Congresses. 
650 0 |a Nutrition  |v Congresses. 
650 0 |a Food  |x Fiber content  |x Congresses. 
650 0 |a High-fiber diet  |x Congresses. 
650 2 |a Dietary Fiber 
650 6 |a Aliments  |x Teneur en fibres  |x Congrès. 
650 6 |a Régimes riches en fibres  |x Congrès. 
650 6 |a Aliments  |x Analyse  |v Congrès. 
650 6 |a Alimentation  |x Congrès. 
650 6 |a Aliments  |x Teneur en fibres  |v Congrès. 
650 6 |a Régimes riches en fibres  |v Congrès. 
650 6 |a Nutrition  |v Congrès. 
650 7 |a HEALTH & FITNESS  |x Diets.  |2 bisacsh 
650 7 |a HEALTH & FITNESS  |x Food Content Guides.  |2 bisacsh 
650 7 |a HEALTH & FITNESS  |x Nutrition.  |2 bisacsh 
650 7 |a MEDICAL  |x Nursing  |x Nutrition.  |2 bisacsh 
650 7 |a MEDICAL  |x Nutrition.  |2 bisacsh 
650 7 |a Food  |x Analysis  |2 fast 
650 7 |a Food  |x Fiber content  |2 fast 
650 7 |a High-fiber diet  |2 fast 
650 7 |a Nutrition  |2 fast 
653 |a Man  |a Diet  |a Role of fibre 
655 7 |a Electronic books.  |2 local 
655 2 |a Congress 
655 7 |a proceedings (reports)  |2 aat 
655 7 |a Conference papers and proceedings  |2 fast 
655 7 |a Conference papers and proceedings.  |2 lcgft 
655 7 |a Actes de congrès.  |2 rvmgf 
700 1 |a Inglett, G. E.,  |d 1928-  |1 https://id.oclc.org/worldcat/entity/E39PCjx3VgTMjMcGRwYYCFYPjP 
700 1 |a Falkehag, S. Ingemar. 
710 2 |a ScienceDirect (Online service) 
710 2 |a American Chemical Society.  |1 https://id.oclc.org/worldcat/entity/E39QH7JmqpB76MrQqmr3TJm7TR 
758 |i has work:  |a Dietary fibers (Text)  |1 https://id.oclc.org/worldcat/entity/E39PCFMtPKRTVdTHKFymtH4bYd  |4 https://id.oclc.org/worldcat/ontology/hasWork 
776 0 8 |i Print version:  |w (DLC) 79000399  |w (OCoLC)4664656 
830 0 |a Academic Press rapid manuscript reproduction. 
856 4 0 |u http://proxy.library.tamu.edu/login?url=https://www.sciencedirect.com/science/book/9780123709509  |z Connect to the full text of this electronic book  |t 0 
955 |a Elsevier ScienceDirect 2026-2027 
994 |a 92  |b TXA 
999 f f |i 3aae3263-0c33-425b-8db0-84aa8878b4cf  |s bfd2a2b7-9a94-41f1-b002-9c5f0b04b243  |t 0 
952 f f |a Texas A&M University  |b College Station  |c Electronic Resources  |s www_evans  |d Available Online  |t 0  |e TX553.F53   |h Library of Congress classification 
998 f f |a TX553.F53   |t 0  |l Available Online